000 01180nam a2200313 i 4500
001 182143
003 ES-MaACL
005 20231219062540.0
008 130620s2002 sp | |||| ||spa d
020 _a84-9718-092-5
080 _a342.5(460)"15/18"
080 _a35(460)"15/18"
100 1 _aEscudero, José Antonio.
_947686
245 1 0 _aAdministración y estado en la España moderna /
_cJosé Antonio Escudero.
250 _a2ª ed.
260 _a[Valladolid] :
_bConsejería de Educación y Cultura,
_c2002.
300 _a638 p. ;
_c25 cm.
490 1 _aEstudios de historia
504 _aIncluye referencias bibliográficas.
650 4 _aInstituciones políticas-
_zEspaña-
_yS.XVI-XVIII.
_9141902
650 4 _aInstituciones políticas-
_zEspaña-
_yS.XIX.
_9152926
651 4 _aEspaña-
_xAdministración-
_yS.XVI-XVIII.
_9152927
651 4 _aEspaña-
_xAdministración-
_yS.XIX.
_9138846
830 0 _aEstudios de historia
_9179197
852 _aES-MaACL
_jA-12711
_9189054
_bR.148825
_cDEPO1
_dOlim: N-5711
_xDonación: José Luis Abellán
903 _aAbellán, José Luis,
_d1933-2023
_ednr
_q1
_9176509
942 _2udc
_cMONOGRAFIA
999 _c182143
_d182143